| 000 | 00455nam a2200157Ia 4500 | ||
|---|---|---|---|
| 005 | 20250415134500.0 | ||
| 008 | 231217s9999 xx 000 0 und d | ||
| 020 | _a9788181476418 | ||
| 082 | _a001.6424JAV MCG;2 | ||
| 100 | _aMcGovern, James. Tyagi, Sameer. Stevens, Michael S [et al.] | ||
| 245 | 0 | _aJava web services architecture | |
| 260 |
_c2003 _bMorgan Kaufmann, _aNew York |
||
| 300 | _axxii, 833 | ||
| 650 | _aJava,architecture | ||
| 942 | _cAA | ||
| 999 |
_c182014 _d182014 |
||